Statistics for Big U.S. Cities Closest to Denver

Click here to take the quiz!

General Stats

  • This quiz has been taken 62 times
  • The average score is 6 of 10

Answer Stats

DistancesPopulationU.S. City% Correct
370.61,232,696Salt Lake City
94%
63.1745,791Colorado Springs
92%
334.1918,018Albuquerque
68%
25.7326,196Boulder
60%
58.9356,899Fort Collins
58%
442.4336,374Lincoln
46%
435.6640,218Wichita
46%
355.2648,252Provo
40%
381683,864Ogden
34%
49.6324,492Greeley
20%

Score Distribution

Percentile by Number Answered

Percent of People with Each Score

Your Score History

You have not taken this quiz